000 01143nam a2200253Ia 4500
003 OSt
005 20220923211120.0
006 a|||||r|||| 00| 0
007 ta
008 220922b |||||||| |||| 00| 0 hin d
020 _a8181435478 (hbk)
_c250
024 _a238,707
037 _b389, 29/01/2009, Vani Prakashan
_cTextual
040 _aARTS
_cARTS
_bhin
041 _2hin
_ahin
082 _aV2,4N25.N9, 152P6
100 _aशम्सुल इस्लाम; गताडे, सुभाष, अनु.
_9158380
245 0 _aभारत में अलगाववाद और धर्म
_b राष्ट्रीय स्वयंसेवक संघ का एक अध्ययन
246 _aBhārat mean alagāvavād aur dharma: rāṣhṭrīya svayansevak sangha kā ek adhyayana
260 _aनई दिल्ली
_b वाणी प्रकाशन
_c2006
300 _a247पृ.
_ccm.
942 _hV2,4N25.N9, 152P6
_cTEXL
_2CC
999 _c295472
_d295472